000
00350nam a2200145 a 4500
003
a
005
20180420140519.0
008
130320s19uu xx 00 eng d
050
_a
TR(PS
_b
P39 2007
245
_a
Pepper meets his new neighbor.
260
_a
New Delhi :
_b
New Dawn Press,
_c
2007.
300
_a
21
942
_2
lcc
_c
BK
999
_c
106305
_d
106305